[Event "Interzonal"]
[Site "Portoroz (Slovenia)"]
[Date "1958.08.16"]
[Round "8"]
[White "Bobby Fischer (USA)"]
[Black "Bent Larsen (DEN)"]
[Result "1-0"]
[WhiteElo "2760"]
[BlackElo "2660"]
[Annotator "Eric Schiller"]
[Source ""]
[Remark "Attack, opposite castling"]

1.e4 c5 2.Nf3 d6 3.d4 cxd4 4.Nxd4 Nf6 5.Nc3 g6 {The famous Dragon Sicilian! Bobby didn't have much
}
{respect for this exciting line. He claimed that all
}
{White had to do is open the h-file, sac a few pieces,} {and deliver checkmate! Well, it isn't quite that
}
{simple, and the Dragon remains a popular opening at all
}
{levels of play. The bishop will take up residence at g7
}
{and eventually wreak havoc on the a1-h8 diagonal. If,
}
{that is, the Black king can survive a massive kingside
}
{assault.} {} 6.Be3 Bg7 7.f3 O-O 8.Qd2 Nc6 9.Bc4 {The standard continuation, known as the Yugoslav}
{Attack, sees queenside castling by White, so that the} {kingside pawns can be hurled forward without exposing}
{the White king to attack. Black has many choices here,} {but Larsen adopts one that was popular at the time.}
Nxd4 {The exchange of knights brings the White bishop to d4,}
{so that Black doesn't have to face an invasion at h6.} {These days, it is considered wiser to develop the}
{queenside, and in particular, get a rook to c8. Later, that}
{rook will be sacrificed for the White knight at c3, and} {Black will attack furiously on the queenside.}
( 9...Bd7 {is the modern preference. The knight will go to e5, and}
{later c4, forking the White queen and bishop, s that} {White will have to exchange the light square bishop for}
{04it.o} ) 10.Bxd4 Be6 11.Bb3 Qa5 12.O-O-O {The problem faced by Black is that the White king}
{enjoys the protection of two bishops, a knight, and a} {healthy pawn structure. Although White has no pieces}
{directly attacking the kingside, the pawnstorm develops} {very quickly.}
{} b5 {This is the most active plan. Black has also successfully}
{played 12...Rfc8. Black is not concerned about a White} {capture at e6, because that would get rid of a great}
{defender, the bishop at b3. The damage to the pawn} {structure would not be of great significance.}
13.Kb1 {White almost always plays this move. It sets up a tactical}
{threat of Nd5, since if Black captures at d2, White takes} {the e-pawn with check before recapturing the queen.}
{That won't work if the king is still at c1, because the} {queen at d2 would be captured with check.}
b4 14.Nd5 Bxd5 15.Bxd5 Rac8 ( 15...Nxd5 16.Bxg7 ( 16.exd5 Qxd5
17.Qxb4 {was what Fischer intended to play.} ) Nc3+ 17.bxc3 Rab8
18.c4 ( 18.cxb4 Qxb4+ 19.Qxb4 Rxb4+ 20.Bb2 Rfb8 {was Fischer's analysis. White would lose the bishop and}
{have an inferior endgame.} ) Kxg7 19.h4 Rb6 20.h5 Ra6 21.Qd4+
e5 {
} 22.Qb2 {was tested in Fernandez vs. Lerch, in Catalunia (Spain)}
{1992, over 3 decades later! Black has enough pressure} {at a2 to survive a kingside attack, but White managed to}
{win anyway.} ) 16.Bb3 {!} {Bobby keeps the valuable defender. Commenting on}
{this position, he made his famous comment that he} {"had it down to a science: pry open the KR-file and sac,}
{sac ... mate!"} {} Rc7 {To  protect the a-pawn so the queen can get out of the}
{way. Then, Black can advance the a-pawn and create} {his own pawn storm.}
17.h4 {Here we go!} Qb5 ( 17...h5 18.g4 hxg4 19.h5 {leads to a decisive attack. It is fun to hand such}
{positions to a computer, which will start out favoring} {Black's extra pawn, and then soon start realizing the}
{danger faced by the Black king, despite the presence} {of two defenders. Fischer gives the line}
gxh5 20.fxg4 Nxe4 21.Qe3 Nf6 22.gxh5 e5 23.h6 {and White will win.} )
18.h5 {} Rfc8 {Black just can't keep the h-file closed.}
( 18...gxh5 19.g4 {!} hxg4 20.fxg4 Nxe4 21.Qh2 {places Black in a hopeless situation. Fischer provides an}
{elegant finish:} Ng5 22.Bxg7 Kxg7 23.Rd5 Rc5 24.Qh6+ Kg8 25.Rxg5+
Rxg5 26.Qxh7# ) ( 18...Nxh5 {is a tougher nut to crack, and Bobby didn't mention it.}
{Neither do most other analysts. The solution involves an} {instructive example of a pawnsorm so it is.}
19.Bxg7 Kxg7 20.g4 Nf6 {is a typical Dragon maneuver.} 21.Qh6+
Kg8 22.g5 {wins the knight, since Black has to shift the rook from f8}
{to avoid mate at h7 before the knight can move away.} ) 19.hxg6
hxg6 20.g4 a5 {The race is on. It is no contest.} {} 21.g5
Nh5 ( 21...Ne8 22.Bxg7 Nxg7 {gets demolished, as Bobby showed:}
23.Rh6 {!} {Threatening to double rooks on the h-file and} {checkmate
}
{at h8 and h7.} e6 24.Qh2 Nh5 {where the kingside explodes after}
25.Bxe6 {!} fxe6 26.Rxg6+ Ng7 27.Rh1 {and Black could resign.} )
22.Rxh5 {!} {A standard exchange sacrifice in the Dragon brings the}
{game to a swift and bruta conclusion. White can afford} {to invest bits of material, since his bishop at b3 holds off}
{the entire enemy army!} gxh5 23.g6 {!} {Not only does the bishop defend, it also participates in}
{the attack by pinning Black's f-pawn.} e5 ( 23...e6 24.gxf7+
Kxf7 25.Bxg7 Kxg7 26.Rg1+ {Black's king cannot survive.} ) 24.gxf7+
Kf8 25.Be3 {Black's condition is critical, but Larsen comes up with a}
{clever attempt to stay in the game.} {} d5 {!} {Larsen gives up a pawn to blunt the influence of White's}
{bishop at b3. This was his best chance.} 26.exd5 ( 26.Bxd5 {falls into the trap.}
{!} Rxc2 27.Qxc2 Rxc2 28.Kxc2 Qe2+ 29.Bd2 Bh6 {and Blacks h-pawn is more dangerous than the pawn at}
{04f7!} ) Rxf7 27.d6 {!} {The discovered attack on the rook also sends White's}
{passed pawn into the red zone, just two steps away froj} {promotion,}
Rf6 28.Bg5 {The game is effectively over. Not only does Bobby get}
{his exchange back, but with Black's forces occupied} {with the passed oawn, the king is a dead duck.}
Qb7 29.Bxf6 Bxf6 30.d7 Rd8 31.Qd6+ {More efficient was 31.Qe6, mating in three, but}
{Larsen resigned anyway.} {} { } 1-0

[Event "Candidates Match (Final)"]
[Site "Buenos Aires (Argentina)"]
[Date "1971.10.19"]
[Round "7"]
[White "Bobby Fischer (USA)"]
[Black "Tigran Petrosian (ARM)"]
[Result "1-0"]
[WhiteElo "2760"]
[BlackElo "2640"]
[Annotator "Eric Schiller"]
[Source "Learn from Bobby Fischer's Greatest Games"]
[Remark "Sicilan break,iqp, 7th"]

1.e4 c5 2.Nf3 e6 3.d4 cxd4 4.Nxd4 a6 {
This is the Kan Variation of the Sicilian Defense. Black guards all of the
squares that the White knight might use to invade Black's position. This
weakens the dark squares a bit, but Black can control those with the queen and
bishop. Black will try to activate the light square bishop at b7, after advancing the b-pawn one or two squares.}
{} 5.Bd3 {
The standard move, preparing for castling. White will put a pawn at c4, to
battle for the center, before bringing out the other knight.}
Nc6 { Not too popular anymore. Black can play more aggressively by using the dark
square bishop to attack the White knight. The most common defense, however, is the simple development of the knight at f6.}
6.Nxc6 bxc6 {} {Petrosian chose to recapture with the b-pawn because the d-pawn is destined for d5, a common theme in the Sicilian.}
7.O-O d5 { Black plays the typical "Sicilian Break". The pawn at d5 challenges White's
center. White's pawn at e4 can advance or capture. but Fischer adds fuel to the fire by aiming another pawn at d5.}
{} 8.c4 {!} {?} Nf6 9.cxd5 cxd5 10.exd5 {} {
White is carving up the center, and Black has to choose whether or not to
accept an Isolated pawn. Normally, Black captures with the knight. Sometimes
the queen is used. Rarely, however, does Black capture witha the pawn and leave
it stranded in the center. Petrosian accepts the challenge.}
exd5 {} {Clearly the isolated queen pawn is going to play a significant role in the
game. Part of White's strategy will be to dominate the neighboring files, so that the pawn is even more cut off from support.}
11.Nc3 {!} Be7 12.Qa4+ {!} {} Qd7 ( 12...Bd7 {02! would have been the correct way to block the check. White has a small advantage, because Black's isolated d-pawn is weak.}
13.Qd4 O-O 14.Bg5 $14 ) 13.Re1 {!} {Fischer doesn't engage in cheap theatrics:}
( 13.Bb5 {02
?! is very tempting, because if the bishop is captured, then then the Black
rook at a8 will be captured by the White queen. But Black gets compensation after castling. For example,}
{?!} axb5 {!} 14.Qxa8 O-O {} {and the follow up with Bb7 and an eventual advance of the d-pawn will give Black an excellent game.}
15.Bg5 Bb7 16.Qa7 d4 17.Rad1 Qg4 {!} ) Qxa4 14.Nxa4 {
The isolated pawn is even weaker in the endgame, and White is halfway toward
achieving his goal of dominating the c- and e-files. The pawn at a6, defended
doubly for the moment, is also a potential weakness.} {}
Be6 15.Be3 O-O ( 15...Nd7 {02 would have led to the following moves, according to Petrosian.}
16.f4 g6 17.Bd4 O-O 18.Rac1 {02 and White dominates most of the board.}
) 16.Bc5 {!} {
This is the key move. With the dark-squared bishops off the board, the rooks
can attack the isolated pawn from the side. In addition, the c5-square will be
more easily secured for occupation by the knight.}
( 16.Nc5 {02 could be played right away, but Black has} a5 {!}
17.Bd4 Bxc5 {} 18.Bxc5 Rfc8 {02 with the initiative.} ) Rfe8
17.Bxe7 Rxe7 18.b4 {!} {
Now we can observe the weakness of the pawn at a6, which will come under the
watchful eye of the knight from its new outpost at c5. This, combined with the power of the Be2, will tie down Black's forces.}
{} Kf8 19.Nc5 Bc8 {Mission accomplished. Now Fischer must find a way to}
{increase the pressure on d5 but how can he dothis?} 20.f3 {!}
{Fischer's plan is almost brutal in its simplicity - he} {threatens to exchange rooks, march his king up the}
{diagonal to d4, chase the knight from f6 and grab the} {weak pawn at d5.}
Rea7 {?} {Though this move was roundkly criticized, Black was in}
{trouble anyway. Proposing an exchange of knights, as} {recommended by the endgame specialist Yuri}
{Averbakh, was most likely the best of a bad bunch of} {candidates,}
21.Re5 {!} {Just as planned back at move 13!} Bd7 {} 22.Nxd7+
{!!} { The knight, though well placed, has done its job and}
{now the domination of the remaining open file is the} {primary objective. White will now enjoy the advantage of}
{bishop over knight in the endgame. The longer reach of} {the bishop, especially in a wide open position like this, is}
{very useful.} Rxd7 23.Rc1 {Fischer is planning to use c6 as an invasion square. The weakness of the pawns continues to plague Black.}
Rd6 24.Rc7 {The sixth is protected - but the seventh rank is now available. Black quickly runs out of moves.}
Nd7 25.Re2 g6 26.Kf2 h5 ( 26...Rb8 27.a3 a5 28.b5 a4 {
might have provided some counterplay, according to World Champion Mikahil
Botvinnik. Still, Black's knight is no match for White's bishop, anbd Black's weak pawns are eaiser to get at.}
) 27.f4 {!} {A precise move which further limits Black's options.}
{} ( 27.Ke3 {would have allowed Black's knight back into the game with}
Ne5 {.} ) h4 ( 27...Nb6 28.Ree7 Rf6 {was suggested by World Champion Tigran Petrosian. After}
29.g3 {The domination of the seventh rank and blockade of the d-pawn give White a clear advantage.}
) 28.Kf3 f5 {} 29.Ke3 {Black is virutally in zugzwang, so he advances his prized pawn, and opens up more lines for White.}
d4+ ( 29...Nf6 {loses to} 30.Kd4 Ne4 31.Rec2 {
when the c-file is just as important as the 7th rank. White's queenside pawn
majority is mobile, while the Black pawnat d5 is going nowhere.} )
30.Kd2 Nb6 31.Ree7 Nd5 32.Rf7+ Ke8 33.Rb7 {This appears to drop a a pawn, but in fact it gurantees victory.}
Nxb4 34.Bc4 {!} {Petrosian resigned, because of 34...Nc6 35.Rh7Rf6 36.Rh8+ Rf8 37.Bf7+.
}
{
} {} {  } 1-0

[Event "Match"]
[Site "New York (USA)"]
[Date "1961.07.18"]
[Round "2"]
[White "Bobby Fischer (USA)"]
[Black "Samuel Reshevsky (USA)"]
[Result "1-0"]
[WhiteElo "2760"]
[BlackElo "2550"]
[Annotator "Eric Schiller"]
[PlyCount "75"]

{Bobby must have taken great pleasure from this first win over the veteran
Grandmaster who was once a legitimate contender for the World Championshjp.} 1.
e4 1... c5 2. Nf3 Nc6 3. d4 cxd4 4. Nxd4 g6 5. Nc3 {White can establish the
"Maroczy Bind" here with 5.c4  but Fischer was quite content to let the game
flow into  the path of the Dragon Sicilian. In a later game in the  match he
adopted Maroczy's approach.} 5... Bg7 6. Be3 Nf6 7. Be2 {The advantage of
Reshevsky's order of moves is that  Fischer's favorite Yugoslav Attack, seen
in the game  against Larsen, is not available. If White tries that  formation,
eventually Black plays ...d5 in one move,  without having the pawn stp to d6
first, That gain of time  is suffificient to achieve a fuly equal game. So
Bobby  switches to the Classical Variation, which usually  involves
straightforward development and kingside  castling.} 7... O-O 8. f4 d6 9. Nb3
9... Be6 {This is the normal post for the bishop, though it will  come under
attack by the White f-pawn at some point.  Fischer was pleased to see this
move, as he  considered it inferior to launching a queenside attack  with 9...
a5.} 10. g4 10... d5 {It is a bit odd to see this advance so soon after Black 
has played ...d6. It is the thematic "Sicilian break"  where Black challenges
White's central pawn.} 11. f5 {Fischer chooses the thematic advance of the
f-pawn,  driving back the enemy bishop.} (11. exd5 {?} 11... Nxd5 12. Nxd5 Qxd5
13. Qxd5 13... Bxd5 {would clearly demonstrate the superiority of Black's 
bishops, aiming at h1 and b2.}) 11... Bc8 12. exd5 {White temporarily wins a
pawnm, but can't hold on to it.  The real effect is to keep Black occupied
with regaining  the material, all the while laying the foundation of a 
kingside attack.} 12... Nb4 13. Bf3 {Fischer holds on to the powerful pawn at
d5, and lets  the kingside pawns go. This opens more lines for a  future
attack against the enemy king.} 13... gxf5 14. a3 {!} 14... fxg4 {Black offers
the knight in exchange for the powerful  bishop at f3, but Bobby ish't buying!}
15. Bg2 {!  Now Black's bishop is forced back to a6, where it is a 
long way from the kingside.} 15... Na6 16. Qd3 {!  This move was part of
Fischer's preparation for the  game. It was discovered by the Soviet player
Nei, and  was already well known.} 16... e6 {Fischer considered this the best
defense, but it has  been consigned to the dustbin of history and replaced  by
more effective plans.} (16... Qd6 17. O-O-O Nh5 18. h3 18... Nf4 {
is a more promising defense. For example,} 19. Qe4 Nxg2 20. hxg4 Qg6 21. Qxg2
Bxg4 22. Rdg1 h5 23. Ne2 23... Rac8 {gave Black reasonable play in the
grandmaster  game Yakovich vs. Sadler, at Copenhagen in 1997.}) 17. O-O-O {
Given the kingside situation, it is clear that the White king  must seek
shelter on the queenside. } 17... Nxd5 (17... exd5 18. h3 {must be met by}
18... g3 {, keeping the lines closed.} 19. Bd4 {
is then very strong, with a discovered attack against the  pawn at g3.}) 18. h3
g3 19. Rhg1 {Since the h-file remains closed, White shifts the rook to  the
g-file. Eventually the weak pawn at g3 must fall.  Black's problem is a total
lack of counterplay.} 19... Qd6 {?!  The queen defends the g-pawn but is
herself  vulnerable to attack. Bobby praises this move but there  was a better
way to  defend the g-pawn, as pointed out by Huebner.} (19... Qh4 {!  has the
dvantage of both defending the pawn and  covering key squares on the kingside
and along the 4th  rank.}) 20. Bxd5 exd5 21. Nxd5 {?  Grabbing the weak pawn
right away was a mistake. The  pawn isn't doing anything but taking up space,
and  Fischer later remarked that he should have played Bd4,  to get rid of
Black's most powerful defender. Black  would then have had no meaningful
defensive resources  and the kingside would soon fall apart.} 21... Kh8 {
!  Black gets away from g8, which is exposed on the g-file  and also subject
to attack by the knight, moving to f6 or e7.} 22. Bf4 (22. Bd4 Bxd4 23. Qxd4+
23... f6 {doesn't achieve anything for White now.}) 22... Qg6 {The queen can
sit here more comfortably with the  king evacuated to the h-file. At least now
there are no  potential pins.} 23. Qd2 23... Bxh3 {!  In time pressure,
Reshevsky grabs the pawn without  hesitation. Even though it opens up the
h-file, the bishop  will be able to work as a blockader of the g-file. It will
be  taking up a position at g4, where it can be supported by  the h-pawn.} 24.
Rxg3 Bg4 25. Rh1 25... Rfe8 {As White's rooks target the kingside, Black tries
to gains  some counterplay on the central files.} 26. Ne3 {The pressure builds.
Here Reshsvsky, in time trouble,  overlooked the only workable defense,.} 26...
Qe4 {?} (26... f5 {!  was correct. Then if} 27. Qh2 {Black's king could just
slide back to the g-file, according  to Fischer's notes.} 27... Kg8 28. Qg2 {
still shows great promise for White, but some work lies  ahead.}) 27. Qh2 27...
Be6 {There is nothing better.} (27... Qxf4 {?} 28. Qxh7#) (27... Bf5 {
allows the elegant} 28. Rxg7 {!} 28... Kxg7 29. Nxf5+ Qxf5 30. Nd4 {
followed by Rg1.}) 28. Rxg7 {The exchange sacrifice brings a swift end to the
game.  Fischer had no problem investing a little material. After  all, Black's
knight and rooks just lay around uselessly  taking up space. White's forces
are in position to wrao  things up easily, and even the knight at b3 will have
something to say.  !  ?} (28. Nd2 $36 {would have been much more efficient,
but less artistic.  The queen would be hav eto sacrifice herself at h1
to  avoid mate.}) 28... Kxg7 29. Qh6+ Kg8 30. Rg1+ Qg6 31. Rxg6+ 31...
fxg6 {White has a material advantage, and the attack  continues in full force.
Black could resign with a clean  conscience, but Reshevsky often battled on
until his  king was buried.  } 32. Nd4 Rad8 33. Be5 Rd7 34. Nxe6 Rxe6 35.
Ng4 Rf7 36. Qg5 Rf1+ 37. Kd2 h5 38. Qd8+ {Black resigned.} 1-0

0

} 1-0